Statystyki dla Podział MSI Bielan

Kliknij tutaj aby rozwiązać quiz!

Ogólne statystyki

  • Ten quiz został rozwiązany 20 razy
  • Średni wynik to 10 z 14

Statystyki odpowiedzi

Odpowiedź% Poprawnych
Młociny
93%
Stare Bielany
87%
Huta
80%
Słodowiec
80%
Wawrzyszew
80%
Las Bielański
73%
Chomiczówka
67%
Marymont-Ruda
67%
Radiowo
67%
Wrzeciono
67%
Marymont-Kaskada
60%
Placówka
60%
Piaski
47%
Wólka Węglowa
47%

Rozkład punktacji

Percentyl według liczby udzielonych odpowiedzi

Procent ludzi z każdym wynikiem

Twoja historia wyników

Nie rozwiązałeś tego quizu